| 000 | 00463nam a22001817a 4500 | ||
|---|---|---|---|
| 003 | OSt | ||
| 005 | 20180116183005.0 | ||
| 008 | 150806b xxu||||| |||| 00| 0 eng d | ||
| 020 | _a9788131516188 | ||
| 040 | _c0 | ||
| 082 |
_27th _a657.42 DRU 2012 |
||
| 100 | _aColin Drury | ||
| 245 |
_aCost and Management Accounting _cColin Drury |
||
| 260 |
_aIndia _bCengage _c2012 |
||
| 300 |
_a875 p. _bPB |
||
| 440 | _aCost and Management Accounting | ||
| 942 |
_2ddc _cBK |
||
| 999 |
_c350035 _d350035 |
||